| 000 | 00611nam a2200229 a 4500 | ||
|---|---|---|---|
| 005 | 20210219152941.0 | ||
| 008 | 991125n 000 0 u | ||
| 035 | _aUPN01000068385 | ||
| 100 | 1 | _aMonte Villa, Roberto del | |
| 222 | _aEDUCACION | ||
| 245 | _aComprobaciones de conocimientos en el trabajo de inspección | ||
| 260 | _aCuba | ||
| 300 | _a68-74 | ||
| 362 | 0 | _a1986 Año 16, no. 61, abr.-jun. | |
| 653 | 0 | _aCALIDAD EDUCATIVA | |
| 653 | 0 | _aCUBA | |
| 653 | 0 | _aEVALUACION EDUCATIVA | |
| 700 | 1 | _aGarcía González, Luis, | |
| 700 | 1 | _ecoaut. | |
| 904 |
_aAC _b006196 |
||
| 905 | _aArticulo | ||
| 999 |
_c64543 _d64543 |
||